| 000 | 00641nam a22002175a 4500 | ||
|---|---|---|---|
| 005 | 20161114153908.0 | ||
| 008 | 161114s2016 ii frb 001 0 eng d | ||
| 020 | _a9788183764933 | ||
| 040 |
_aEG-ScBUE _beng _cEG-ScBUE _dEG-ScBUE |
||
| 082 | 0 | 4 |
_222 _a302 _bRAN |
| 100 | 1 | _aRani, Asha. | |
| 245 | 1 | 0 |
_aMedia psychology / _cAsha Rani. |
| 260 |
_aJaipur, India : _bABD Publishers, _c2016. |
||
| 300 |
_aviii, 288 p. ; _c24 cm. |
||
| 500 | _aIndex : p. [287]-288. | ||
| 504 | _aBibliography : p. 285-286. | ||
| 650 | 7 |
_2BUEsh _937937 _aMass media _xPsychological aspects. |
|
| 651 | _2BUEsh | ||
| 653 |
_bCOMAME _cNovember2016 |
||
| 942 | _2ddc | ||
| 999 |
_c23124 _d23096 |
||